Cartoon Character Color Quiz Stats

 Plays Quiz Updated Nov 17, 2014

Challenge
Share
Tweet
Embed
Score 0/20 Timer 02:00
5 Plays Today
Item Color % Correct
Shaggy's shirtGreen
97.2%
Winnie the Pooh's shirtRed
95.3%
Incredible Hulk's pantsPurple
89.6%
Tinkerbell's dressGreen
87.8%
Charlie Brown's shirtYellow
87.2%
Yogi Bear's tieGreen
79.3%
Woody's shirtYellow
78.6%
Stewie's overallsRed
76.5%
Belle's ball dressYellow
75.3%
Kenny's parkaOrange
72.9%
Item Color % Correct
Fred Flintstone's tieBlue
68.3%
Snow White's skirtYellow
67.9%
Underdog's capeBlue
63.5%
Ariel's 'shell bra'Purple
60.5%
Theodore's sweaterGreen
59.5%
Porky Pig's jacketBlue
51%
Huckleberry Hound's bow tieRed
45.9%
Rocky's aviator capBlue
44.9%
Jane Jetson's dressPurple
37.3%
Wendy Witch's hatRed
32.7%

You're not logged in!

Compare scores with friends on all Sporcle quizzes.
Join for Free
OR
Log In

You Might Also Like...

Show Comments

Extras

Top Quizzes Today


Score Distribution

Your Account Isn't Verified!

In order to create a playlist on Sporcle, you need to verify the email address you used during registration. Go to your Sporcle Settings to finish the process.

Report this User

Report this user for behavior that violates our Community Guidelines.

Details: